Statistics for Way Out There by Lord Huron - Lyrics Quiz

Click here to take the quiz!

General Stats

  • This quiz has been taken 11 times
  • The average score is 198 of 236

Answer Stats

Answer% Correct
a
100%
and
100%
been
100%
death
100%
found
100%
from
100%
gone
100%
got
100%
i
100%
if
100%
i'm
100%
it
100%
know
100%
life
100%
long
100%
me
100%
only
100%
out
100%
that
100%
the
100%
there
100%
think
100%
through
100%
to
100%
way
100%
when
100%
who
100%
will
100%
would
100%
you
100%
back
80%
belong
80%
bodily
80%
bones
80%
came
80%
cruising
80%
dont
80%
earth
80%
first
80%
follow
80%
for
80%
i've
80%
just
80%
land
80%
lead
80%
make
80%
my
80%
no
80%
now
80%
old
80%
road
80%
see
80%
stay
80%
strange
80%
there's
80%
those
80%
tonight
80%
toward
80%
trails
80%
us
80%
wearing
80%
what
80%
with
80%
wrong
80%
are
60%
birth
60%
build
60%
can't
60%
changed
60%
date
60%
escape
60%
find
60%
flames
60%
forgot
60%
knows
60%
late
60%
left
60%
mine
60%
more
60%
name
60%
not
60%
scared
60%
shrines
60%
since
60%
sing
60%
songs
60%
take
60%
tending
60%
they
60%
time
60%
where
60%
worth
60%
you'll
60%
youve
60%
drifting
40%
gonna
40%
in
40%
is
40%
lamenting
40%
loved
40%
many
40%
one
40%
running
40%
unraveling
40%
wander
40%
was
40%
here
20%

Score Distribution

Percentile by Number Answered

Percent of People with Each Score

Your Score History

You have not taken this quiz